A book on C : (Record no. 194859)
[ view plain ]
| 000 -LEADER | |
|---|---|
| fixed length control field | 01110 a2200217 4500 |
| 003 - CONTROL NUMBER IDENTIFIER | |
| control field | Nust |
| 005 - DATE AND TIME OF LATEST TRANSACTION | |
| control field | 20230531135702.0 |
| 010 ## - LIBRARY OF CONGRESS CONTROL NUMBER | |
| LC control number | 94032576 |
| 020 ## - INTERNATIONAL STANDARD BOOK NUMBER | |
| International Standard Book Number | 0805316779 |
| 040 ## - CATALOGING SOURCE | |
| Transcribing agency | Nust |
| 082 00 - DEWEY DECIMAL CLASSIFICATION NUMBER | |
| Classification number | 005.262,KEL |
| 100 1# - MAIN ENTRY--PERSONAL NAME | |
| Personal name | Kelley, Al. |
| 9 (RLIN) | 97630 |
| 245 12 - TITLE STATEMENT | |
| Title | A book on C : |
| Remainder of title | programming in C / |
| Statement of responsibility, etc. | Al Kelley, Ira Pohl. |
| 250 ## - EDITION STATEMENT | |
| Edition statement | 3rd ed. |
| 260 ## - PUBLICATION, DISTRIBUTION, ETC. | |
| Place of publication, distribution, etc. | Redwood City, Calif. : |
| Name of publisher, distributor, etc. | Benjamin Cummings Pub. Co., |
| Date of publication, distribution, etc. | c1995. |
| 300 ## - PHYSICAL DESCRIPTION | |
| Extent | xix, 636 p. : |
| Other physical details | ill. ; |
| Dimensions | 24 cm. |
| 505 ## - FORMATTED CONTENTS NOTE | |
| Formatted contents note | Starting from Zero (Page-1), An Overview of C (Page-4), Lexical Elements Operators and the C System (Page-65), The Fundamental Data Types (Page-99), Flow of Control (Page-134), Functions (Page-177), Array Pointers and Strings (Page-220), Bitwise Operators and Enumeration Types (Page-293), The Preprocessor (Page-323), Structures and Unions (Page-363), Structures and List Processing (Page-401), Input/Output and the Operating System (Page-447), Advanced Applications (Page-504), Moving from C to C++ (Page-541). |
| 650 #0 - SUBJECT ADDED ENTRY--TOPICAL TERM | |
| Topical term or geographic name entry element | C (Computer program language) |
| 9 (RLIN) | 1226 |
| 700 1# - ADDED ENTRY--PERSONAL NAME | |
| Personal name | Pohl, Ira. |
| 942 ## - ADDED ENTRY ELEMENTS (KOHA) | |
| Source of classification or shelving scheme | |
| Koha item type | Book |
| Call number prefix | 005.262,KEL |
| Withdrawn status | Lost status | Source of classification or shelving scheme | Damaged status | Not for loan | Permanent Location | Current Location | Shelving location | Date acquired | Full call number | Barcode | Date last seen | Price effective from | Koha item type | Public note |
|---|---|---|---|---|---|---|---|---|---|---|---|---|---|---|
| Military College of Signals (MCS) | Military College of Signals (MCS) | General Stacks | 12/12/2016 | 005.262,KEL | MCS2771 | 12/08/2016 | 12/12/2016 | Book | Almirah No.80, Shelf No.4 |
